| 000 | 00366nam a2200169Ia 4500 | ||
|---|---|---|---|
| 008 | 210210b xxu||||| |||| 00| 0 eng d | ||
| 041 | _aeng | ||
| 082 | _a822/900 | ||
| 100 | _aNEVINSON (H W) | ||
| 245 | _aWords and deeds | ||
| 260 |
_aUSA _bPenguin Books _c |
||
| 650 | _aWords | ||
| 650 | _adeeds | ||
| 650 | _aand | ||
| 690 | _aEnglish Prose | ||
| 906 | _a013083 | ||
| 999 |
_c131918 _d131918 |
||